00381nam a2200121Ia 4500008004100000041000800041082001500049100002000064245008700084260002500171300001800196520004500214240719s9999 xx 000 0 und d aeng a370.71 LAM aLambert Jonamay aGlobal Competence 50 Training Activities For Succeeding In International Business  aUSAbHRD Pressc2007 a312.;P. 24 Cm aGifted By : IMT Faculty Dr.senthil kumar